000 00444nam a2200181Ia 4500
001 9555
005 20260306161727.0
008 260306t2007||||xx |||||||||||||| ||spa||
041 _aESP
082 _a382.0985
_bG67
100 _aGonzales Montenegro, Yanina
_eAUT
245 0 _aGuía para importar y exportar paso a paso
260 _c2007
300 _a249 páginas :
_ccm.
650 _aGEN
654 _aCAN
942 _cLIB
_dJUS
_fJUS
_2ddc
_n
999 _c9555
_d9555